Simulation and diagnosis of some pulmonary illnesses

Bibliographic Details
Main Authors: Kmeta, M. (Author), Garkusha-Bojko, J. (Author), Garkuša-Bojko, J. (Author)
Format: Article
Language:English
Slovak
PhysicalDescription:Lit. 3 zázn. v angl.
Subjects:

MARC

LEADER 00000nab a2200000 a 4500
001 vtls000448050
003 SK-MaSNL
005 20260318122132.0
008 220422c1990 xo 0 eng
015 |a SNBRA19rr/mm-uuuuu 
035 |a CL0448181 
040 |a SNKBUCL  |b slo  |c SNKBUCL  |e AACR2 
041 0 |a slo 
044 |a xo  |c SK 
080 |a 519.876.5:616.24-079  |2 1981 
080 |a 616.24-079  |2 1981 
100 1 |a Kmeta, M.  |4 aut  |9 1238224 
245 1 0 |a Simulation and diagnosis of some pulmonary illnesses  |c M. Kmeta, J. Garkusha-Bojko ; J. Garkuša-Bojko 
300 |b Lit. 3 zázn. v angl. 
650 0 7 |a choroby pľúc  |2 snkbucl  |9 1247 
655 7 |a články zo zborníkov  |2 snkbucl  |9 166140 
700 1 |a Garkusha-Bojko, J.  |4 aut  |9 1506628 
700 1 |a Garkuša-Bojko, J.  |4 aut  |9 1506629 
773 0 |t Automatizácia v riadení 90  |d Košice : Dom techniky ZSVTS, 1990 
850 |a Slovenská národná knižnica v Martine  |a MTA001 
852 |a SNK  |b KIS3GCP 
958 |a RK 
958 |a ME 
992 |a RZB 
999 |c 3010649  |d 3012579